zpět

Detail výsledku týmu

Na Koupáku, Jeseník

Datum a čas kvízu

33.5 Celkem bodů Celkový počet nahraných bodů na tomto kvízu bez doplňovacích otázek.
5. Pořadí na kvízu Konečné umístění týmu na tomto kvízu.

Zaznamenané odpovědi

# Otázka Odpověď Body Výsledky
1. Automobilka Škoda v minulém tý... Laurin & Klement Kampus 1
2. Vědci představili revoluční zp... hlavy 0
3. V minulém týdnu česká média in... Jeremy Clarkson 1
4. Minulý týden byl oznámen konec... ICQ 1
5. Jak se jmenuje 23letý český te... Tomáš Macháč 1
6. Jak se nazývají dva nejdůležit... Franská říše, Byzantská (Východořímská) říše 1
7. Jak se jmenoval významný střed... Magna Carta (Magna charta libertatum) 1
8. Na fotografii vidíme sochu prv... Arnošt z Pardubic 1
9. Vytvořte z těchto středověkých... 1A 2C 3D 4B 0
10. Závěrem tématu se podíváme na... šlojíř, šlář 0